Stadt = Land (Zufallsquiz) Teil 1 - Statistiken

Allgemein
  • Dieses Quiz wurde 200 mal gespielt
  • Das Durchschnittsergebnis liegt bei 9 aus 15
Antwortstatistiken
Stadt Land % Korrekt
Kabul Afghanistan
100%
Alexandria Ägypten
100%
Kairo Ägypten
100%
Algier Algerien
100%
Luanda Angola
100%
Buenos Aires Argentinien
100%
Baku Aserbaidschan
100%
Adelaide Australien
100%
Brisbane Australien
100%
Canberra Australien
100%
Sydney Australien
100%
Khulna Bangladesch
100%
Minsk Belarus
100%
La Paz Bolivien
100%
Sucre Bolivien
100%
Brasília Brasilien
100%
Rio de Janeiro Brasilien
100%
Salvador Brasilien
100%
São Luís Brasilien
100%
São Paulo Brasilien
100%
Guangzhou China
100%
Jiaxing China
100%
Peking China
100%
Qingdao China
100%
Shanghai China
100%
Shenyang China
100%
Suzhou China
100%
Kopenhagen Dänemark
100%
Augsburg Deutschland
100%
Berlin Deutschland
100%
Dresden Deutschland
100%
Erfurt Deutschland
100%
Hamm Deutschland
100%
Heidelberg Deutschland
100%
Köln Deutschland
100%
Krefeld Deutschland
100%
Magdeburg Deutschland
100%
München Deutschland
100%
Rostock Deutschland
100%
Trier Deutschland
100%
Yamoussoukro Elfenbeinküste
100%
San Salvador El Salvador
100%
Tallinn Estland
100%
Turku Finnland
100%
Libreville Gabun
100%
Athen Griechenland
100%
Iraklio Griechenland
100%
Thessaloniki Griechenland
100%
Birmingham Großbritannien
100%
Liverpool Großbritannien
100%
London Großbritannien
100%
Manchester Großbritannien
100%
Guatemala-Stadt Guatemala
100%
Bissau Guinea-Bissau
100%
Bolama Guinea-Bissau
100%
Port-au-Prince Haiti
100%
Delhi Indien
100%
Kalkutta Indien
100%
Mumbai Indien
100%
Jakarta Indonesien
100%
Bagdad Irak
100%
Jerusalem Israel
100%
Meran Italien
100%
Rom Italien
100%
Venedig Italien
100%
Verona Italien
100%
Modena Italien
100%
Hiroshima Japan
100%
Kyōto Japan
100%
Ōsaka Japan
100%
Tokio Japan
100%
Yokohama Japan
100%
Aden Jemen
100%
Sanaa Jemen
100%
Ottawa Kanada
100%
Toronto Kanada
100%
Almaty Kasachstan
100%
Doha Katar
100%
Nairobi Kenia
100%
Rijeka Kroatien
100%
Zagreb Kroatien
100%
Riga Lettland
100%
Tripolis Libyen
100%
Vaduz Lichtenstein
100%
Kuala Lumpur Malaysia
100%
Casablanca Marokko
100%
Fès Marokko
100%
Marrakesch Marokko
100%
Rabat Marokko
100%
Ciudad Juárez Mexiko
100%
Mexiko-Stadt Mexiko
100%
Maputo Mosambik
100%
Naypyidaw Myanmar
100%
Skopje Nordmazedonien
100%
Bergen Norwegen
100%
Oslo Norwegen
100%
Graz Österreich
100%
Klagenfurt Österreich
100%
Linz Österreich
100%
Melk Österreich
100%
Wien Österreich
100%
Karatschi Pakistan
100%
Panama-Stadt Panama
100%
Arequipa Peru
100%
Lima Peru
100%
Manila Philippinen
100%
Breslau Polen
100%
Danzig Polen
100%
Kattowitz Polen
100%
Posen Polen
100%
Warschau Polen
100%
Bukarest Rumänien
100%
Krasnojarsk Russland
100%
Moskau Russland
100%
Nowosibirsk Russland
100%
Ufa Russland
100%
Woronesch Russland
100%
Dschidda Saudi-Arabien
100%
Mekka Saudi-Arabien
100%
Riad Saudi-Arabien
100%
Bern Schweiz
100%
Genf Schweiz
100%
Luzern Schweiz
100%
St. Gallen Schweiz
100%
Zürich Schweiz
100%
Belgrad Serbien
100%
Singapur Singapur
100%
Bratislava Slowakei
100%
Ljubljana Slowenien
100%
Alcúdia Spanien
100%
Barcelona Spanien
100%
Granada Spanien
100%
Madrid Spanien
100%
Johannesburg Südafrika
100%
Kapstadt Südafrika
100%
Busan Südkorea
100%
Seoul Südkorea
100%
Neu-Taipeh Taiwan
100%
Taipeh Taiwan
100%
Bangkok Thailand
100%
Brünn Tschechien
100%
Ostrau Tschechien
100%
Prag Tschechien
100%
Tunis Tunesien
100%
Ankara Türkei
100%
Istanbul Türkei
100%
Charkiw Ukraine
100%
Donezk Ukraine
100%
Kiew Ukraine
100%
Budapest Ungarn
100%
Atlanta USA
100%
Boston USA
100%
Chicago USA
100%
Houston USA
100%
Miami USA
100%
New York USA
100%
Oakland USA
100%
Philadelphia USA
100%
San Francisco USA
100%
Washington, D.C. USA
100%
Vatikanstadt Vatikan
100%
Abu Dhabi Vereinigte Arabische Emirate
100%
Cần Thơ Vietnam
100%
Ho-Chi-Minh-Stadt Vietnam
100%
Hải Phòng Vietnam
100%
Neapel Italien
89%
Piräus Griechenland
88%
Uppsala Schweden
88%
Glasgow Großbritannien
86%
Florenz Italien
86%
Innsbruck Österreich
86%
Palma Spanien
86%
Gizeh Ägypten
83%
Schwerin Deutschland
83%
Dschibuti Dschibuti
83%
Quito Ecuador
83%
Feldkirch Österreich
83%
Mogadischu Somalia
83%
Montevideo Uruguay
83%
San Diego USA
83%
Wuhan China
80%
Mönchengladbach Deutschland
80%
Osnabrück Deutschland
80%
Paris Frankreich
80%
Fukuoka Japan
80%
Nischni Nowgorod Russland
80%
Bangui Zentralafrikanische Republik
80%
Sarajevo Bosnien & Herzegowina
75%
Chongqing China
75%
Haikou China
75%
Hangzhou China
75%
Xi’an China
75%
Santo Domingo Dominikanische Republik
75%
Helsinki Finnland
75%
Tel Aviv-Jaffa Israel
75%
Parma Italien
75%
Phnom Penh Kambodscha
75%
Kuwait Kuwait
75%
Guadalajara Mexiko
75%
Ibadan Nigeria
75%
Salzburg Österreich
75%
Krakau Polen
75%
Harare Simbabwe
75%
Odessa Ukraine
75%
Dallas USA
75%
Taschkent Usbekistan
75%
Nagoya Japan
71%
Podgorica Montenegro
71%
Pécs Ungarn
71%
Phoenix USA
71%
Tirana Albanien
67%
Addis Abeba Äthiopien
67%
Mostar Bosnien & Herzegowina
67%
Gaborone Botswana
67%
Dessau Deutschland
67%
Flensburg Deutschland
67%
Accra Ghana
67%
Aurangabad Indien
67%
Bangalore Indien
67%
Kilkenny Irland
67%
Calgary Kanada
67%
Osijek Kroatien
67%
Split Kroatien
67%
Havanna Kuba
67%
Bamako Mali
67%
Nouakchott Mauretanien
67%
Windhoek Namibia
67%
Yaren Nauru
67%
Auckland Neuseeland
67%
Managua Nicaragua
67%
Pjöngjang Nordkorea
67%
Jekaterinburg Russland
67%
Tscheljabinsk Russland
67%
Basel Schweiz
67%
Freetown Sierra Leone
67%
Koper Slowenien
67%
Durban Südafrika
67%
Dodoma Tansania
67%
Pilsen Tschechien
67%
Baltimore USA
67%
Los Angeles USA
67%
San Antonio USA
67%
Dubai Vereinigte Arabische Emirate
67%
Đà Nẵng Vietnam
67%
Hanoi Vietnam
67%
Ouagadougou Burkina Faso
60%
Mbabane Eswatini
60%
Hyderabad Indien
60%
Teheran Iran
60%
Bozen Italien
60%
Mombasa Kenia
60%
Vilnius Litauen
60%
Samara Russland
60%
Victoria Seychellen
60%
Duschanbe Tadschikistan
60%
Chiang Mai Thailand
60%
Lomé Togo
60%
Port Moresby Papua-Neuguinea
57%
Kasan Russland
57%
Manama Bahrain
50%
Porto-Novo Benin
50%
Fortaleza Brasilien
50%
Sofia Bulgarien
50%
Warna Bulgarien
50%
Bujumbura Burundi
50%
Foshan China
50%
Shenzhen China
50%
Guayaquil Ecuador
50%
Asmara Eritrea
50%
Nafplio Griechenland
50%
Jaipur Indien
50%
Patna Indien
50%
Pune Indien
50%
Yogyakarta Indonesien
50%
Mossul Irak
50%
Ahvaz Iran
50%
Isfahan Iran
50%
Maschhad Iran
50%
Tabriz Iran
50%
Turin Italien
50%
Hakodate Japan
50%
Kawasaki Japan
50%
Amman Jordanien
50%
Edmonton Kanada
50%
Astana Kasachstan
50%
Bogotá Kolumbien
50%
Medellín Kolumbien
50%
Vientiane Laos
50%
Sidon Libanon
50%
Kaunas Litauen
50%
Putrajaya Malaysia
50%
Ecatepec de Morelos Mexiko
50%
Monaco Monaco
50%
Ulaanbaatar Mongolei
50%
Wellington Neuseeland
50%
Lagos Nigeria
50%
Kaesŏng Nordkorea
50%
Rawalpindi Pakistan
50%
Łódź Polen
50%
Kigali Ruanda
50%
Brig Schweiz
50%
Maribor Slowenien
50%
Bloemfontein Südafrika
50%
Pretoria Südafrika
50%
Khartum Sudan
50%
Juba Südsudan
50%
Paramaribo Suriname
50%
Tainan Taiwan
50%
Fethiye Türkei
50%
Debrecen Ungarn
50%
Szeged Ungarn
50%
Providence USA
50%
Ushuaia Argentinien
40%
Jerewan Armenien
40%
Karadsch Iran
40%
Aleppo Syrien
40%
Kampala Uganda
40%
San José USA
40%
Monrovia Liberia
38%
Mendoza Argentinien
33%
Chittagong Bangladesch
33%
Dhaka Bangladesch
33%
Tuzla Bosnien & Herzegowina
33%
Bingerville Elfenbeinküste
33%
Lucknow Indien
33%
Surat Indien
33%
Ghom Iran
33%
Schiras Iran
33%
Salerno Italien
33%
Meknès Marokko
33%
Torreón Mexiko
33%
Rangun Myanmar
33%
Niamey Niger
33%
Horn Österreich
33%
Dili Osttimor
33%
Islamabad Pakistan
33%
Košice Slowakei
33%
Daejeon Südkorea
33%
Incheon Südkorea
33%
Suwon Südkorea
33%
Daressalam Tansania
33%
Győr Ungarn
33%
Schardscha Vereinigte Arabische Emirate
33%
Tigre Argentinien
29%
Arnis Deutschland
29%
Monterrey Mexiko
29%
Schubra al-Chaima Ägypten
25%
Gandscha Aserbaidschan
25%
Gazipur Bangladesch
25%
Burgas Bulgarien
25%
Wuxi China
25%
Douala Kamerun
25%
Beirut Libanon
25%
Zapopan Mexiko
25%
Kano Nigeria
25%
Salala Oman
25%
Asunción Paraguay
25%
Quezon City Philippinen
25%
Lusaka Sambia
25%
Prešov Slowakei
25%
Colombo Sri Lanka
25%
Daegu Südkorea
25%
Chudschand Tadschikistan
25%
Mwanza Tansania
25%
Abéché Tschad
25%
Olmütz Tschechien
25%
Edirne Türkei
25%
Caracas Venezuela
25%
Herat Afghanistan
20%
Malabo Äquatorialguinea
20%
Gitega Burundi
20%
Kumasi Ghana
20%
Conakry Guinea
20%
Surabaya Indonesien
20%
Liezen Österreich
20%
Kinshasa Demokratischen Republik Kongo
17%
Lubumbashi Demokratische Republik Kongo
17%
Chennai Indien
17%
Depok Indonesien
17%
Qazvin Iran
17%
Kaduna Nigeria
17%
Faisalabad Pakistan
17%
Konya Türkei
17%
Plowdiw Bulgarien
14%
Suva Fidschi
14%
Dammam Saudi-Arabien
14%
Sarh Tschad
14%
Barranquilla Kolumbien
13%
Tripoli Libanon
13%
Ciudad de la Paz Äquatorialguinea
0%
El Calafate Argentinien
0%
Ezeiza Argentinien
0%
La Plata Argentinien
0%
Pinamar Argentinien
0%
San Luis Argentinien
0%
Gjumri Armenien
0%
Wagharschapat Armenien
0%
Wanadsor Armenien
0%
Lankaran Aserbaidschan
0%
Sumgait Aserbaidschan
0%
Melbourne Australien
0%
Belmopan Belize
0%
Cotonou Benin
0%
Banja Luka Bosnien & Herzegowina
0%
Bijeljina Bosnien & Herzegowina
0%
Zenica Bosnien & Herzegowina
0%
Belo Horizonte Brasilien
0%
Campinas Brasilien
0%
Curitiba Brasilien
0%
Santiago Chile
0%
Hohhot China
0%
Roskilde Dänemark
0%
Mbuji-Mayi Demokratische Republik Kongo
0%
Dortmund Deutschland
0%
Abidjan Elfenbeinküste
0%
Grand-Bassam Elfenbeinküste
0%
Lobamba Eswatini
0%
Vaasa Finnland
0%
Banjul Gambia
0%
Tiflis Georgien
0%
Patras Griechenland
0%
Belfast Großbritannien
0%
St. Davids Großbritannien
0%
Georgetown Guyana
0%
Tegucigalpa Honduras
0%
Ahmedabad Indien
0%
Kanpur Indien
0%
Navi Mumbai Indien
0%
Vasai-Virar Indien
0%
Bandung Indonesien
0%
Batam Indonesien
0%
Bukittinggi Indonesien
0%
Tangerang Indonesien
0%
Aquileia Italien
0%
Grado Italien
0%
Mailand Italien
0%
Piacenza Italien
0%
Kōbe Japan
0%
Ōtsu Japan
0%
Taʿizz Jemen
0%
Yaoundé Kamerun
0%
Qysylorda Kasachstan
0%
Schymkent Kasachstan
0%
Semei Kasachstan
0%
Bischkek Kirgisistan
0%
Hum Kroatien
0%
Bengasi Libyen
0%
Misrata Libyen
0%
Tobruk Libyen
0%
Antananarivo Madagaskar
0%
Lilongwe Malawi
0%
Zomba Malawi
0%
Mdina Malta
0%
Salé Marokko
0%
León Mexiko
0%
Mandalay Myanmar
0%
Enugu Nigeria
0%
Onitsha Nigeria
0%
Port Harcourt Nigeria
0%
Trondheim Norwegen
0%
Maskat Oman
0%
Gujranwala Pakistan
0%
Lahore Pakistan
0%
Bacolod City Philippinen
0%
Caloocan Philippinen
0%
Davao City Philippinen
0%
Malolos Philippinen
0%
Fátima Portugal
0%
Brazzaville Republik Kongo
0%
Pointe-Noire Republik Kongo
0%
Hermannstadt Rumänien
0%
Orenburg Russland
0%
Sankt Petersburg Russland
0%
Stockholm Schweden
0%
Dakar Senegal
0%
Pristina Serbien
0%
Banská Bystrica Slowakei
0%
Nitra Slowakei
0%
Žilina Slowakei
0%
Celje Slowenien
0%
Kranj Slowenien
0%
Velenje Slowenien
0%
Burgos Spanien
0%
Ekurhuleni Südafrika
0%
Nelson Mandela Bay Südafrika
0%
Al-Chartum Bahri Sudan
0%
Gwangju Südkorea
0%
Damaskus Syrien
0%
Bochtar Tadschikistan
0%
Kulob Tadschikistan
0%
Taichung Taiwan
0%
Nukuʻalofa Tonga
0%
Moundou Tschad
0%
N’Djamena Tschad
0%
Reichenberg Tschechien
0%
Izmir Türkei
0%
Aşgabat Turkmenistan
0%
Miskolc Ungarn
0%
Buchara Usbekistan
0%
Samarqand Usbekistan
0%
Keine übereinstimmenden Quizze gefunden
Verteilung der Resultate
Anzahl Personen mit jedem Resultat
Perzentil nach korrekt beantworteten Fragen
Ihre Resultats-Entwicklung
Sie haben dieses Quiz noch nicht gespielt